|
|
|
|
| LEADER |
01030nam a2200301 a 4500 |
| 001 |
1465 |
| 003 |
BD-DhAAL |
| 005 |
20150428095645.0 |
| 008 |
150428s1991 ilua b 001 0 eng |
| 010 |
|
|
|a 90044740
|
| 020 |
|
|
|a 0256079005
|
| 020 |
|
|
|a 025609957X (International ed.)
|
| 040 |
|
|
|a DLC
|c DLC
|d DLC
|d BD-DhAAL
|
| 050 |
0 |
0 |
|a HF1411
|b .L536 1991
|
| 082 |
0 |
0 |
|a 337
|2 20
|
| 100 |
1 |
|
|a Lindert, Peter H.
|9 10783
|
| 245 |
1 |
0 |
|a International economics /
|c Peter H. Lindert.
|
| 250 |
|
|
|a 9th ed.
|
| 260 |
|
|
|a Homewood, IL :
|b Irwin,
|c c1991.
|
| 300 |
|
|
|a xviii, 682 p. :
|b ill. ;
|c 25 cm.
|
| 504 |
|
|
|a Includes bibliographical references (p. 653-666) and index.
|
| 541 |
|
|
|e 1465
|
| 650 |
|
0 |
|a International economic relations.
|9 7636
|
| 650 |
|
0 |
|a Commercial policy.
|9 10784
|
| 650 |
|
0 |
|a Foreign exchange.
|9 7851
|
| 942 |
|
|
|2 ddc
|c BK
|
| 999 |
|
|
|c 34329
|d 34329
|
| 952 |
|
|
|0 0
|1 0
|2 ddc
|4 0
|6 337_000000000000000_LIN
|7 0
|9 53595
|a SCL
|b SCL
|c GEN
|d 2015-04-28
|e Gift: The Asia Foundation
|l 0
|o 337 LIN
|p 3020001465
|r 2015-04-28
|t 1
|w 2015-04-28
|y BK
|